| 000 | 00709nam a2200217 a 4500 | ||
|---|---|---|---|
| 999 |
_c2831 _d2831 |
||
| 001 | 2831 | ||
| 003 | BD-JhCC | ||
| 005 | 20171107105813.0 | ||
| 008 | 171107s1392 bg |||| |||| 000 0 ben d | ||
| 035 | _a(BD-JhCC)2831 | ||
| 040 |
_aBD-JhCC _dBD-JhCC |
||
| 041 | _aben | ||
| 082 |
_a891.443 _bMUK 1392 |
||
| 100 | _aমুখোপাধ্যায়, শীর্ষেন্দু | ||
| 245 |
_aব্যাধ / _c শীর্ষেন্দু মুখোপাধ্যায় |
||
| 260 |
_aকলিকাতা : _bমন্ডল বুক হাউজ, _c১৩৯২. |
||
| 300 |
_a১৪৩ পৃ. ; _c২১ সেমি. |
||
| 650 | _aBengali novel | ||
| 942 |
_2ddc _cBK |
||